000 00582pam a2200229 i 4500
001 4662155
005 20180119035454.0
008 800122s1980 caua b 001 0 eng
010 _a 80010192
020 _a080530312X
040 _aDLC
_cDLC
_dDLC
041 _aeng
060 _aQH430 A 973m
080 _a575.1 AYA
082 0 0 _a575.1 AYA
100 1 _a6
101 _aGJEN
245 1 0 _aModern genetics /
_cFrancisco J. Ayala, John A. Kiger, Jr.
504 _aBibliography: p. [815]-822.
906 _a7
_bcbc
_corignew
_d1
_eocip
_f19
_gy-gencatlg
942 _2ddc
_cBK
999 _c40527
_d40527